Culture générale - Statistiques

Statistiques générales
  • Ce quiz a été pris 826 fois
    798 depuis la dernière actualisation
  • Le résultat moyen est 17 sur 30
Statistiques - réponses
Hint Réponse % Correct
1- Capitale des Pays-Bas Amsterdam
98%
7- Nationalié du 1er homme à être allé dans l'espace Soviétique
91%
2- Pays Scandinave ayant une frontière avec l'Allemagne Danemark
89%
9- Pays européen possédant la Crète Grèce
87%
3- Empire sur lequel a regné l'Empereur Hirohito ("Showa " de son titre posthume) Japon
86%
6- Acteur principal de "La Grande Vadrouille", "La Folie des Grandeurs" ou encore "L'aile ou la cuisse" Louis de Funès
86%
11- Capitale de la Hongrie Budapest
84%
10- 1er président des Etats-Unis Georges Washington
80%
8- Siècle durant lequel Victor Hugo a vécu (en chiffres romains) XIXème
80%
15- Etat des Etats-Unis le plus proche de la Russie Alaska
77%
21- Roi de France surnommé " ... le Bref" Pépin
75%
4- Chanteur ayant écrit et interpété "Laisse béton" et "Manhattan-Kaboul" Renaud
74%
13- 1er homme à être allé dans l'espace Youri Gagarine
60%
5- Peintre ayant réalisé "La Liberté guidant le peuple" Eugène Delacroix
56%
18- Merveille du monde maintenant détruite, anciennement située à Alexandrie Phare d'Alexandrie
56%
16- Nom plus fréquent de la dyschromatopsie (Indice : "-chromato" = couleur) Daltonisme
50%
14- Dernier tsar de Russie Nicolas II
48%
30- Roi de France assassiné sous les coups de couteau de François Ravaillac, le 14 mai 1610 Henri IV
39%
19- Pays d'origine de Pol-Pot Cambodge
38%
27- Pays ayant pris son indépendance en 2011, en Afrique Soudan du Sud
38%
28- Ancien royaume dont la capitale était Berlin Prusse
36%
26- Pays d'Océanie nommé d'après un personnage de la Bible, roi d'Israël Iles Salomon
34%
24- Dynastie à laquelle appartenait Louis XIV Bourbons
33%
25- Auteur de "La Peau de Chagrin" et du "Père Goriot" Honoré de Balzac
33%
17- Procédé permettant de conserver des aliments plus longtemps par chaffauge puis refroidissement rapide. Elle tire son nom d'un grand scientifique Français Pasteurisation
33%
22- Capitale du Laos Vientiane
30%
20- Femme de lettre française, connue comme étant la pionnière du féminisme, guillotinée lors de la Terreur, en 1793, à Paris. Olympe de Gouges
28%
23- Nom de code de l'opération de l'Allemagne nazie qui avait pour but de conquérir l'URSS, mais qui se solda par un écrasant échec allemand Barbarossa
25%
12- Chanteur ayant écrit et interprété "Part-Time Lover" Stevie Wonder
13%
29- Année de l'invention du vaccin antirabique de Louis Pasteur 1885
11%
Aucun quiz correspondant
Distribution des résultats
% des personnes avec chaque résultat
Percentile par nombre de réponses
Votre historique - résultats
Vous n’avez pas pris ce quiz depuis la dernière actualisation